[Event "Tnemanruot: 1400 - 1800"]
[Site "SchemingMind.com"]
[Date "2007.07.30"]
[Round "-"]
[White "Quaff"]
[Black "Rotceh"]
[Result "1/2-1/2"]
[WhiteCountry "ENG"]
[BlackCountry "MEX"]
[WhiteElo "1713"]
[WhiteRD "81"]
[BlackElo "1633"]
[BlackRD "64"]
[GameID "114167"]

1. e4 e5 2. Nf3 Nf6 3. Nc3 Nc6 4. Bb5 Nd4 5. Nxd4 exd4 6. Nd5 c6 7. Nxf6+ Qxf6 8. Be2 Bc5 9. d3 d6 10. f4 Be6
11. O-O O-O 12. f5 Bd7 13. a3 Bb6 14. Kh1 c5 15. Bf4 Bc6 16. Bf3= Qe7 17. Bg3 f6 18. Bf4 Rad8 19. Qe2=
1/2-1/2

[Event "Tnemanruot: 1400 - 1800"]
[Site "SchemingMind.com"]
[Date "2007.07.30"]
[Round "-"]
[White "Rotceh"]
[Black "Quaff"]
[Result "1/2-1/2"]
[WhiteCountry "MEX"]
[BlackCountry "ENG"]
[WhiteElo "1619"]
[WhiteRD "65"]
[BlackElo "1652"]
[BlackRD "73"]
[GameID "114168"]

1. e4 e5 2. Nf3 Nc6 3. d4 exd4 4. Nxd4 Nf6 5. Nxc6 dxc6 6. Qxd8+ Kxd8 7. Nc3 Bb4 8. Bd2 Bxc3 9. Bxc3 Nxe4 10. Bxg7 Re8
11. O-O-O+ Bd7 12. Bd4 c5 13. Be3 b6 14. f3 Nd6 15. Bf4 Re6 16. Bd3 h6 17. Rhe1 Ke7 18. Rxe6+ Bxe6 19. Re1 h5 20. Bg5+ Kd7
21. h3 Rg8 22. h4 a5=
1/2-1/2

[Event "Tnemanruot: 1400 - 1800"]
[Site "SchemingMind.com"]
[Date "2007.07.26"]
[Round "-"]
[White "Archon"]
[Black "Rotceh"]
[Result "1-0"]
[WhiteCountry "CAN"]
[BlackCountry "MEX"]
[WhiteElo "1711"]
[WhiteRD "52"]
[BlackElo "1468"]
[BlackRD "77"]
[GameID "114184"]

1. e4 e5 2. Nf3 Nf6 3. d4 exd4 4. e5 Ne4 5. Qxd4 d5 6. exd6 Nxd6 7. Nc3 Nc6 8. Qf4 Bf5 9. Bb5 Nxb5 10. Nxb5 Bxc2
11. Nxc7+ Kd7 12. Nxa8 Bb4+ 13. Bd2 Re8+ 14. Kf1 Bxd2 15. Qxd2+
1-0

[Event "Tnemanruot: 1400 - 1800"]
[Site "SchemingMind.com"]
[Date "2007.07.30"]
[Round "-"]
[White "Archon"]
[Black "Quaff"]
[Result "1-0"]
[WhiteCountry "CAN"]
[BlackCountry "ENG"]
[WhiteElo "1710"]
[WhiteRD "51"]
[BlackElo "1750"]
[BlackRD "82"]
[GameID "114185"]

1. e4 e5 2. Nf3 Nc6 3. d4 exd4 4. Nxd4 Nf6 5. Nxc6 bxc6 6. e5 Nd5 7. Qf3 Bc5 8. Bc4 O-O 9. Nc3 Nxc3 10. Qxc3 Bb6
11. Be3 d6 12. O-O-O d5 13. Bb3 Bb7 14. Bxb6 cxb6 15. f4 Qd7 16. Kb1 a5 17. a4 Rfd8 18. g4 Qxg4 19. Rdg1 Qf5 20. e6 f6
21. Qg3 g6 22. h4 Qxe6 23. h5 f5 24. hxg6 Qxg6 25. Qh2
1-0

[Event "Tnemanruot: 1400 - 1800"]
[Site "SchemingMind.com"]
[Date "2007.07.27"]
[Round "-"]
[White "Rotceh"]
[Black "Archon"]
[Result "1-0"]
[WhiteCountry "MEX"]
[BlackCountry "CAN"]
[WhiteElo "1546"]
[WhiteRD "69"]
[BlackElo "1707"]
[BlackRD "52"]
[GameID "114186"]

1. e4 d6 2. d4 Nf6 3. Nc3 g6 4. Bg5 Bg7 5. Qd2 h6 6. Bh4 g5 7. Bg3 Nh5 8. O-O-O Nxg3 9. hxg3 Nc6 10. Bb5 Bd7
11. Bxc6 bxc6 12. d5 c5 13. f4 Kf8 14. fxg5 hxg5 15. Nf3 e6 16. Nxg5 e5 17. Rxh8+ Bxh8 18. Rf1 Be8 19. Ne6+ Ke7 20. Nxd8 Kxd8
21. Qg5+ f6 22. Qg8
1-0

[Event "Tnemanruot: 1400 - 1800"]
[Site "SchemingMind.com"]
[Date "2007.07.30"]
[Round "-"]
[White "Quaff"]
[Black "Archon"]
[Result "1/2-1/2"]
[WhiteCountry "ENG"]
[BlackCountry "CAN"]
[WhiteElo "1750"]
[WhiteRD "82"]
[BlackElo "1710"]
[BlackRD "51"]
[GameID "114187"]

1. e4 d6 2. d4 Nf6 3. Nc3 g6 4. h3 Bg7 5. Bd3 c5 6. dxc5 dxc5 7. Nf3 Nc6 8. Be3 b6 9. O-O O-O 10. Nh2 Bb7
11. f3 Nd4 12. Ne2 e5 13. c3 Nxe2+ 14. Bxe2 Nh5 15. Qxd8 Rfxd8 16. Ng4 Ng3 17. Rf2 Nxe2+ 18. Rxe2 Ba6 19. Ree1 Bc8 20. Nh2 Be6
21. Red1=
1/2-1/2

[Event "Tnemanruot: 1400 - 1800"]
[Site "SchemingMind.com"]
[Date "2007.07.30"]
[Round "-"]
[White "jtrochez1"]
[Black "Rotceh"]
[Result "0-1"]
[WhiteCountry "HON"]
[BlackCountry "MEX"]
[WhiteElo "1522"]
[WhiteRD "48"]
[BlackElo "1546"]
[BlackRD "69"]
[GameID "114330"]

1. e4 e5 2. Nf3 Nf6 3. d3 Nc6 4. Nc3 d5 5. exd5 Nxd5 6. Nxd5 Qxd5 7. Be2 Bc5 8. O-O O-O 9. Be3 Bg4 10. Bxc5 Qxc5
11. c3 Rad8 12. Qc2 Nb4 13. Qd1 Bxf3 14. Bxf3 Nxd3 15. Qc2 c6 16. Be4 Qc4 17. Bxd3 Qxd3 18. Rac1 Rd5 19. Qxd3 Rxd3 20. Rc2 Rfd8
21. f3 Rd2 22. Rfc1 a5 23. a4 Kf8 24. h3 Rxc2 25. Rxc2 Rd1+ 26. Kh2 Ra1 27. Re2 f6 28. Re4 b5 29. axb5 cxb5 30. f4 exf4
31. Rxf4 Rb1 32. Rf2 Kf7 33. Kg3 a4 34. Kf4 Ra1 35. Ke4 Ra2 36. Ke3 a3 37. bxa3 Rxa3 38. Kd4 g5 39. Rf3 h5 40. Kc5 Rb3
41. Kd6 b4 42. cxb4 Rxb4 43. Re3 Kg6 44. Re6 Rb6+ 45. Ke7 Rxe6+ 46. Kxe6 h4 47. Kd5 Kf5 48. Kd4 Kf4 49. Kd3 Kg3 50. Ke4 Kxg2
0-1

[Event "Tnemanruot: 1400 - 1800"]
[Site "SchemingMind.com"]
[Date "2007.07.28"]
[Round "-"]
[White "jtrochez1"]
[Black "Archon"]
[Result "0-1"]
[WhiteCountry "HON"]
[BlackCountry "CAN"]
[WhiteElo "1522"]
[WhiteRD "48"]
[BlackElo "1707"]
[BlackRD "52"]
[GameID "114331"]

1. e4 d6 2. Bc4 e6 3. d4 g6 4. c3 b6 5. Nf3 Bg7 6. Be3 Bb7 7. Bd3 Ne7 8. Nbd2 Nd7 9. O-O h6 10. Qe2 a6
11. Nb3 O-O 12. Qd2 Kh7 13. Nh4 f5 14. exf5 Nxf5 15. Nxf5 exf5 16. f4 Nf6 17. Bf2 Ne4 18. Qc2 Re8 19. Rae1 Qd7 20. Nd2 Nxd2
21. Qxd2 Rxe1 22. Rxe1 Re8 23. Rxe8 Qxe8 24. Qe2 Qxe2 25. Bxe2 a5 26. a4 Be4 27. Bd1 d5 28. g3 Bf8 29. Be1 Bd6 30. b4 axb4
31. cxb4 c5 32. bxc5 bxc5 33. dxc5 Bxc5+ 34. Bf2 d4 35. Kf1 Kg7 36. a5 Kf7 37. Be1 Ke7 38. Ba4 Bd3+ 39. Kg2 Ba6 40. h4 h5
41. Kh3 Bc8 42. Bc2 Kd6 43. Bd3 Be6 44. Bf1 Kd5 45. Bd3 Kc6 46. Ba6 Kc7 47. Bd3 Ba7 48. Bf1 Kc6 49. Bd3 Bb3 50. Be2 Kc5
51. Bf2 Bc4 52. Bf3 Kb5 53. Be1 Bc5 54. Kg2 Bb4 55. a6 Bc5 56. Bb7 Kb6 57. Bf2 Bxa6 58. Bxa6 Kxa6 59. Kf3 Kb5 60. Ke2 Kc4
61. Kd2 Bb4+ 62. Kd1 Kd3 63. Bxd4 Kxd4 64. Ke2 Ke4 65. Kf2 Bc5+ 66. Kg2 Ke3 67. Kh2 Bb4 68. Kg2 Ke2 69. Kh2 Kf3
0-1

[Event "Tnemanruot: 1400 - 1800"]
[Site "SchemingMind.com"]
[Date "2007.07.29"]
[Round "-"]
[White "jtrochez1"]
[Black "Quaff"]
[Result "0-1"]
[WhiteCountry "HON"]
[BlackCountry "ENG"]
[WhiteElo "1511"]
[WhiteRD "50"]
[BlackElo "1607"]
[BlackRD "71"]
[GameID "114332"]

1. e4 e5 2. Nf3 Nc6 3. Bc4 h6 4. Nc3 Bc5 5. a3 a6 6. O-O d6 7. Nd5 Nf6 8. h3 Nxe4 9. Ne3 Nf6 10. Nh2 Be6
11. Bxe6 fxe6 12. Nhg4 Nh7 13. d3 O-O 14. c3 Ba7 15. Kh1 Qe7 16. b4 b5 17. Nc2 Nd8 18. d4 exd4 19. Nxd4 Bxd4 20. Qxd4 e5
21. Qd5+ Ne6 22. Be3 Rac8 23. Qd2 Nhg5 24. Bxg5 Nxg5 25. Rae1 Qf7 26. Re3 Rcd8 27. Rd1 Qb3 28. Ra1 Qf7 29. Qa2 h5 30. Rf3 Qxa2
31. Rxa2 Nxf3 32. Ne3 Ng5 33. Kg1 c6 34. Nd1 Rf6 35. f3 Ne6 36. Ne3 Nf4 37. Rd2 Rg6 38. Kh2 Re6 39. c4 g5 40. c5 d5
41. Nf5 e4 42. Nd6 Rexd6 43. cxd6 Rxd6 44. g3 e3 45. Rc2 e2
0-1

[Event "Tnemanruot: 1400 - 1800"]
[Site "SchemingMind.com"]
[Date "2007.08.01"]
[Round "-"]
[White "Rotceh"]
[Black "jtrochez1"]
[Result "1-0"]
[WhiteCountry "MEX"]
[BlackCountry "HON"]
[WhiteElo "1603"]
[WhiteRD "64"]
[BlackElo "1524"]
[BlackRD "49"]
[GameID "114333"]

1. e4 c5 2. Nf3 d6 3. b4 cxb4 4. d4 e6 5. a3 bxa3 6. Bxa3 Be7 7. c4 h6 8. e5 Nc6 9. exd6 Bxd6 10. c5 Bc7
11. Bb5 Nf6 12. Nc3 O-O 13. O-O a6 14. Bxc6 bxc6 15. Bc1 Nd5 16. Ne4 Bd7 17. Bd2 f5 18. Ng3 Be8 19. Re1 Bf7 20. Qe2 Qc8
21. Ne5 Bxe5 22. Qxe5 Qc7 23. Qe2 Qc8 24. Ra5 Re8 25. Rea1 Nc7 26. Bf4 Nd5 27. Be5 Nc3 28. Qd3 Nd5 29. Qc4 Nc7 30. Bxc7 Qxc7
31. Rxa6 e5 32. Qe2 exd4 33. Rxa8 Rxa8 34. Rxa8+ Kh7 35. Nxf5 Qb7 36. Ra1 Bg6 37. Nxd4 Qb4 38. Ne6 Qc3 39. Nf8+ Kg8 40. Qe6+ Bf7
41. Qe1 Qxe1+ 42. Rxe1 Kxf8 43. f3 g5 44. Kf2 Bd5 45. Kg3 Kf7 46. Kg4 Kg6 47. Re5 Bc4 48. f4 gxf4 49. Kxf4 h5 50. Kg3 Bb5
51. Kh4 Kf6 52. Rxh5 Be2 53. Rh6+ Ke5 54. Rxc6 Kd5 55. Rc8 Ba6 56. Ra8 Bb7 57. Ra5 Bc6 58. g4
1-0

[Event "Tnemanruot: 1400 - 1800"]
[Site "SchemingMind.com"]
[Date "2007.07.28"]
[Round "-"]
[White "Archon"]
[Black "jtrochez1"]
[Result "1-0"]
[WhiteCountry "CAN"]
[BlackCountry "HON"]
[WhiteElo "1711"]
[WhiteRD "52"]
[BlackElo "1572"]
[BlackRD "47"]
[GameID "114334"]

1. e4 e5 2. Nf3 d6 3. d4 exd4 4. Nxd4 Nf6 5. Nc3 a6 6. a4 Be7 7. Bf4 Nc6 8. Nxc6 bxc6 9. Bc4 h6 10. h3 Bb7
11. O-O Rc8 12. Re1 c5 13. e5 dxe5 14. Qxd8+ Rxd8 15. Rxe5 O-O 16. Rxe7 Rd7 17. Rxd7 Nxd7 18. Bxc7 Kh8 19. Bd6 Rd8 20. Bxf7 Bc6
21. Bg3 Nf6 22. Bg6 Nh7 23. Re1 Nf6 24. Re7 Be8 25. Bxe8 Nxe8 26. Ne2 Nf6 27. Nf4 Rd2 28. Ng6+ Kg8 29. Be5 Rxc2 30. Bc3 Rc1+
31. Kh2 Rd1 32. Ra7 Rd7 33. Rxd7 Nxd7 34. Ne5 Nxe5 35. Bxe5 c4 36. Kg3 Kf7 37. Kf4 g6 38. Ke4 Ke6 39. Bc3 h5 40. Kd4
1-0

[Event "Tnemanruot: 1400 - 1800"]
[Site "SchemingMind.com"]
[Date "2007.08.01"]
[Round "-"]
[White "Quaff"]
[Black "jtrochez1"]
[Result "1/2-1/2"]
[WhiteCountry "ENG"]
[BlackCountry "HON"]
[WhiteElo "1652"]
[WhiteRD "73"]
[BlackElo "1518"]
[BlackRD "48"]
[GameID "114335"]

1. e4 e5 2. Nf3 d6 3. Bc4 Nf6 4. d3 h6 5. h3 Be7 6. Be3 O-O 7. Nbd2 c6 8. a3 Be6 9. Ba2 Bxa2 10. Rxa2 Nfd7
11. Nh2 Nf6 12. f4 exf4 13. Bxf4 Nbd7 14. O-O b5 15. Ra1 Ne5 16. Ndf3 Ng6 17. Be3 Qc7 18. Qd2 Kh7 19. Nd4 c5 20. Nxb5 Qc6
21. Nc3 a5 22. Ne2 Bd8 23. a4 Bc7 24. Nf4 Nxf4 25. Bxf4 Ng8 26. b3 Bb8 27. Rae1 Ba7 28. Kh1 Bb6 29. Rf3 f6 30. Ref1 Rae8
31. Be3=
1/2-1/2

[Event "Tnemanruot: 1400 - 1800"]
[Site "SchemingMind.com"]
[Date "2007.07.28"]
[Round "-"]
[White "bioniclime"]
[Black "jtrochez1"]
[Result "0-1"]
[WhiteCountry "USA"]
[BlackCountry "HON"]
[WhiteElo "1626"]
[WhiteRD "93"]
[BlackElo "1524"]
[BlackRD "49"]
[GameID "114346"]

1. c4 e5 2. g3 c6 3. d4 exd4 4. Qxd4 Qf6 5. Nf3 Qxd4 6. Nxd4 Nf6 7. Bh3 Bb4+ 8. Bd2 Bxd2+ 9. Nxd2 O-O 10. O-O d5
11. Bg2 Nbd7 12. cxd5 cxd5 13. N2b3 b6
0-1

[Event "Tnemanruot: 1400 - 1800"]
[Site "SchemingMind.com"]
[Date "2007.07.30"]
[Round "-"]
[White "bioniclime"]
[Black "Rotceh"]
[Result "1-0"]
[WhiteCountry "USA"]
[BlackCountry "MEX"]
[WhiteElo "1577"]
[WhiteRD "100"]
[BlackElo "1545"]
[BlackRD "70"]
[GameID "114347"]

1. c4 e5 2. g3 Nf6 3. Bg2 c6 4. d4 Bb4+ 5. Bd2 Qa5 6. dxe5 Bxd2+ 7. Qxd2 Qxd2+ 8. Nxd2 Ng4 9. Ngf3 O-O 10. h3 Nh6
11. Ne4 b6 12. Nd6 Ba6 13. O-O f6 14. b3 Nf7 15. Nxf7 Rxf7 16. exf6 Rxf6 17. Rad1 d6 18. Nd4 Bb7 19. Rfe1 d5 20. cxd5 cxd5
21. Nb5 Nc6 22. Bxd5+ Kf8 23. Nd4 Nd8 24. Bxb7 Nxb7 25. e4 Nc5 26. e5 Rf7 27. e6 Re7 28. b4 Na4 29. Nc6 Ree8 30. e7+ Kg8
31. Rd8 Nc3 32. Rxa8
1-0

[Event "Tnemanruot: 1400 - 1800"]
[Site "SchemingMind.com"]
[Date "2007.07.27"]
[Round "-"]
[White "bioniclime"]
[Black "Archon"]
[Result "0-1"]
[WhiteCountry "USA"]
[BlackCountry "CAN"]
[WhiteElo "1570"]
[WhiteRD "91"]
[BlackElo "1753"]
[BlackRD "50"]
[GameID "114348"]

1. c4 e5 2. g3 Nf6 3. Bg2 d5 4. cxd5 Nxd5 5. Nf3 Nc6 6. O-O Nb6 7. d3 Be7 8. Nbd2 O-O 9. a3 a5 10. b3 Be6
11. Bb2 f6 12. Qc2 Qd7 13. e3 Rfd8 14. d4 exd4 15. Nxd4 Nxd4 16. Bxd4 Bd5 17. Nf3 Ra6 18. Rfd1 Qc6 19. Qxc6 Bxc6 20. Bb2 Raa8
21. Nd4 Bxg2 22. Kxg2 Kf7 23. Nf5 Bf8 24. a4 Bb4
0-1

[Event "Tnemanruot: 1400 - 1800"]
[Site "SchemingMind.com"]
[Date "2007.07.28"]
[Round "-"]
[White "jtrochez1"]
[Black "bioniclime"]
[Result "1-0"]
[WhiteCountry "HON"]
[BlackCountry "USA"]
[WhiteElo "1500"]
[WhiteRD "47"]
[BlackElo "1570"]
[BlackRD "91"]
[GameID "114350"]

1. e4 g6 2. d4 Bg7 3. Bc4 c5 4. Nf3 cxd4 5. Ng5 e6 6. Bd3 Nc6 7. a3 d5 8. Bb5 Qa5+ 9. Bd2 Qxb5 10. b4 d3
11. c3 Qa6 12. O-O Nxb4 13. Qf3 Ne7 14. Qxf7+ Kd7 15. Qxg7 Rg8 16. Qe5 Nbc6 17. Qxe6+ Kc7 18. Qf7 dxe4 19. Bf4+ Kb6 20. Nd2 Bf5
21. Rfb1+ Ka5 22. a4
1-0

[Event "Tnemanruot: 1400 - 1800"]
[Site "SchemingMind.com"]
[Date "2007.07.31"]
[Round "-"]
[White "Rotceh"]
[Black "bioniclime"]
[Result "1-0"]
[WhiteCountry "MEX"]
[BlackCountry "USA"]
[WhiteElo "1603"]
[WhiteRD "64"]
[BlackElo "1626"]
[BlackRD "93"]
[GameID "114351"]

1. e4 g6 2. d4 Bg7 3. Nf3 c5 4. c3 d5 5. dxc5 dxe4 6. Qxd8+ Kxd8 7. Ng5 Nh6 8. Nxe4 Bf5 9. Bd3 Nd7 10. Be3 a6
11. O-O
1-0

[Event "Tnemanruot: 1400 - 1800"]
[Site "SchemingMind.com"]
[Date "2007.07.30"]
[Round "-"]
[White "Quaff"]
[Black "bioniclime"]
[Result "0-1"]
[WhiteCountry "ENG"]
[BlackCountry "USA"]
[WhiteElo "1608"]
[WhiteRD "74"]
[BlackElo "1591"]
[BlackRD "97"]
[GameID "114353"]

1. e4 g6 2. d4 Bg7 3. Nf3 c5 4. d5 Nf6 5. Bd3 d6 6. Qe2 Qb6 7. c3 Bd7 8. Na3 O-O 9. Nc2 Na6 10. O-O Nc7
11. c4 Ng4 12. Rb1 Ne5 13. Nxe5 Bxe5 14. f4 Bg7 15. b3 a5 16. Bb2 Bxb2 17. Rxb2 a4 18. Rbb1 axb3 19. axb3 Ra2 20. Qd1 Rfa8
21. Ra1 Qxb3 22. Rxa2 Rxa2 23. Ne3 Ra3 24. Qxb3 Rxb3 25. Rd1 b5 26. cxb5 Bxb5 27. Bxb5 Nxb5 28. Kf2 Nc3 29. Ra1 Nxe4+ 30. Kf3 Nf6
31. Ke2 Rb4 32. g3 Re4 33. Kf3 Rd4 34. g4 Nxd5 35. Ng2 Rd3+ 36. Ke4 Rd4+ 37. Kf3 Kg7 38. g5 h6 39. gxh6+ Kxh6 40. Ra8 Kg7
0-1

[Event "Tnemanruot: 1400 - 1800"]
[Site "SchemingMind.com"]
[Date "2007.07.28"]
[Round "-"]
[White "fishofchaos"]
[Black "jtrochez1"]
[Result "1-0"]
[WhiteCountry "ENG"]
[BlackCountry "HON"]
[WhiteElo "1709"]
[WhiteRD "63"]
[BlackElo "1572"]
[BlackRD "47"]
[GameID "114354"]

1. d4 d5 2. c4 c6 3. Nf3 e6 4. Qc2 h6 5. Bf4 Nd7 6. e3 Ngf6 7. Nbd2 Be7 8. Bd3 c5 9. O-O cxd4 10. exd4 b6
11. b3 Bb7 12. Rfe1 Rc8 13. Rac1 Bb4 14. Re3 O-O 15. Ne5 Nxe5 16. dxe5 Bxd2 17. Qxd2 Ne4 18. Qc2 b5 19. f3 Nc5 20. Bf1 bxc4
21. bxc4 dxc4 22. Rd1 Qa5 23. Qxc4 Bd5 24. Qe2 Nd7 25. Red3 Nc5 26. R3d2 Qd8 27. Qf2 f5 28. exf6 Rxf6 29. Be3 Qa5 30. Rc2 Rcf8
31. Bxc5 Bxf3 32. gxf3 Rxf3 33. Bxf8 Rxf2 34. Rxf2 Qb6 35. Rd7 g5 36. Bxh6 g4 37. Bc4 Qb1+ 38. Kg2 Qe4+ 39. Kg3 Qe3+ 40. Bxe3
1-0

[Event "Tnemanruot: 1400 - 1800"]
[Site "SchemingMind.com"]
[Date "2007.07.30"]
[Round "-"]
[White "fishofchaos"]
[Black "Rotceh"]
[Result "0-1"]
[WhiteCountry "ENG"]
[BlackCountry "MEX"]
[WhiteElo "1709"]
[WhiteRD "63"]
[BlackElo "1468"]
[BlackRD "77"]
[GameID "114355"]

1. d4 Nc6 2. Nf3 d5 3. c4 Bg4 4. Nc3 e6 5. cxd5 exd5 6. Bf4 Nf6 7. e3 Bb4 8. Be2 Ne4 9. Qc2 Bxc3+ 10. bxc3 Qe7
11. Ne5 Nxe5 12. Bxg4 Nxg4 13. h3 Ngxf2 14. Rf1 Nxh3 15. gxh3 Qh4+ 16. Kd1 Qxh3 17. Re1 Qd7 18. c4 c6
0-1

[Event "Tnemanruot: 1400 - 1800"]
[Site "SchemingMind.com"]
[Date "2007.07.27"]
[Round "-"]
[White "fishofchaos"]
[Black "bioniclime"]
[Result "1-0"]
[WhiteCountry "ENG"]
[BlackCountry "USA"]
[WhiteElo "1791"]
[WhiteRD "68"]
[BlackElo "1570"]
[BlackRD "91"]
[GameID "114356"]

1. d4 g6 2. c4 Bg7 3. e4 c5 4. d5 d6 5. Nc3 Bxc3+ 6. bxc3 Qa5 7. Qc2 Nf6 8. Bd2 Nbd7 9. f4 b6 10. Nf3 O-O
11. Be2 Bb7 12. O-O Rfe8 13. f5 e6 14. Bd3 exd5 15. cxd5 Ne5 16. Nxe5 dxe5 17. a4 c4 18. Bxc4 Qc5+ 19. Kh1 Qxc4 20. fxg6 fxg6
21. Rxf6 Rf8 22. Rxf8+ Rxf8 23. Be3 Rf1+ 24. Rxf1 Qxf1+ 25. Bg1
1-0

[Event "Tnemanruot: 1400 - 1800"]
[Site "SchemingMind.com"]
[Date "2007.07.27"]
[Round "-"]
[White "fishofchaos"]
[Black "Archon"]
[Result "1-0"]
[WhiteCountry "ENG"]
[BlackCountry "CAN"]
[WhiteElo "1709"]
[WhiteRD "63"]
[BlackElo "1711"]
[BlackRD "52"]
[GameID "114357"]

1. d4 d6 2. e4 Nf6 3. Nc3 g6 4. Be3 c6 5. Qd2 b5 6. Bd3 Nbd7 7. Nf3 Bb7 8. O-O Ng4 9. Bg5 h6 10. Bh4 Bg7
11. h3 Ngf6 12. b4 a5 13. Rfb1 axb4 14. Rxb4 Ra3 15. Rb3 Qa5 16. Rxa3 Qxa3 17. Nb1 Qa8 18. Nc3 O-O 19. e5 dxe5 20. Nxe5 e6
21. a4 b4 22. Ne2 c5 23. Nxd7 Nxd7 24. f3 Bxd4+ 25. Nxd4 cxd4 26. Qxb4 e5 27. a5 Ba6 28. Bxa6 Qxa6 29. Be1 Ra8 30. Bd2 Ra7
31. Bxh6 Kh7 32. Bd2 Qe6 33. c3 dxc3 34. Bxc3 Ra6 35. Rd1 Kh6 36. Qh4+ Kg7 37. f4 f6 38. fxe5 Nxe5 39. Bxe5 fxe5 40. Rd8 Qb6+
41. axb6
1-0

[Event "Tnemanruot: 1400 - 1800"]
[Site "SchemingMind.com"]
[Date "2007.07.30"]
[Round "-"]
[White "fishofchaos"]
[Black "Quaff"]
[Result "1/2-1/2"]
[WhiteCountry "ENG"]
[BlackCountry "ENG"]
[WhiteElo "1791"]
[WhiteRD "68"]
[BlackElo "1713"]
[BlackRD "81"]
[GameID "114358"]

1. d4 d5 2. c4 Nf6 3. cxd5 Nxd5 4. e4 Nf6 5. Nc3 e6 6. Nf3 Nc6 7. Bd3 Bb4 8. O-O h6 9. Be3 Bd7 10. Qc2 Qe7
11. a3 Bxc3 12. Qxc3 O-O 13. h3 Nh7 14. b4 f5 15. e5 Rac8 16. b5 Nd8 17. a4 Nf7 18. g3 c6 19. Nh4 Rfd8 20. Ng6 Qe8
21. bxc6 Bxc6 22. Qb4 Rd7 23. Rfc1 Nfg5 24. Nf4 Nf3+ 25. Kf1 Rcd8=
1/2-1/2

[Event "Tnemanruot: 1400 - 1800"]
[Site "SchemingMind.com"]
[Date "2007.07.28"]
[Round "-"]
[White "jtrochez1"]
[Black "fishofchaos"]
[Result "1/2-1/2"]
[WhiteCountry "HON"]
[BlackCountry "ENG"]
[WhiteElo "1572"]
[WhiteRD "47"]
[BlackElo "1709"]
[BlackRD "63"]
[GameID "114359"]

1. e4 c5 2. Nf3 Nc6 3. Bc4 e6 4. d4 cxd4 5. Nxd4 Nf6 6. Nxc6 bxc6 7. O-O Bc5 8. Qf3 O-O 9. Bg5 h6 10. Bh4 g5
11. e5 Nd5 12. Qg4 f6 13. Bxd5 cxd5 14. Bg3 f5 15. Qh5 f4 16. Qg6+ Kh8 17. Qxh6+ Kg8 18. Qg6+ Kh8 19. Qh6+ Kg8=
1/2-1/2

[Event "Tnemanruot: 1400 - 1800"]
[Site "SchemingMind.com"]
[Date "2007.07.31"]
[Round "-"]
[White "Rotceh"]
[Black "fishofchaos"]
[Result "0-1"]
[WhiteCountry "MEX"]
[BlackCountry "ENG"]
[WhiteElo "1546"]
[WhiteRD "69"]
[BlackElo "1728"]
[BlackRD "66"]
[GameID "114360"]

1. e4 c5 2. Nf3 d6 3. b4 cxb4 4. d4 Nf6 5. Bd3 e6 6. c4 bxc3 7. Nxc3 Be7 8. O-O O-O 9. e5 Nfd7 10. Ba3 dxe5
11. Bxe7 Qxe7 12. dxe5 a6 13. Ne4 Nc6 14. Neg5 g6 15. Re1 Ndxe5 16. Nxe5 Qxg5 17. Nxc6 bxc6 18. Be4 Bb7 19. Qa4 Qb5 20. Qc2 Rab8
21. Rab1 Qa5 22. Bxc6 Bxc6 23. Qxc6 Kg7 24. g3 Qxa2 25. Ra1 Rfc8 26. Qxa6 Qxa6 27. Rxa6 Rb7 28. Ra3 Rbc7 29. Kg2 h5 30. h4 Rc2
31. Ra7 Kf6 32. Re3 R8c3 33. Re4 e5 34. Ra5 Rb2 35. Ra1 Rcc2 36. Rf1 Kf5 37. Re3 e4 38. Kg1 Re2 39. Ra3 f6 40. Ra5+ Kg4
41. Ra6 e3 42. Rxf6 Kh3 43. Rf3 exf2+ 44. Kh1 Rb1 45. Rxf2 Rxf1+ 46. Rxf1 Rh2+ 47. Kg1 Rg2+ 48. Kh1 Rxg3 49. Ra1 Kxh4
0-1

[Event "Tnemanruot: 1400 - 1800"]
[Site "SchemingMind.com"]
[Date "2007.07.27"]
[Round "-"]
[White "bioniclime"]
[Black "fishofchaos"]
[Result "0-1"]
[WhiteCountry "USA"]
[BlackCountry "ENG"]
[WhiteElo "1626"]
[WhiteRD "93"]
[BlackElo "1743"]
[BlackRD "68"]
[GameID "114361"]

1. c4 Nf6 2. g3 g6 3. Bg2 Bg7 4. Nc3 O-O 5. d3 d6 6. Bg5 h6 7. Bd2 e5 8. e4 c6 9. Nge2 Be6 10. O-O Qd7
11. Rb1 Na6 12. b4 Nc7 13. b5 d5 14. bxc6 bxc6 15. cxd5 cxd5
0-1

[Event "Tnemanruot: 1400 - 1800"]
[Site "SchemingMind.com"]
[Date "2007.07.28"]
[Round "-"]
[White "Archon"]
[Black "fishofchaos"]
[Result "0-1"]
[WhiteCountry "CAN"]
[BlackCountry "ENG"]
[WhiteElo "1711"]
[WhiteRD "52"]
[BlackElo "1709"]
[BlackRD "63"]
[GameID "114362"]

1. e4 c5 2. Nf3 d6 3. d4 cxd4 4. Nxd4 Nf6 5. Nc3 a6 6. Bg5 e6 7. f4 Be7 8. Qf3 Qc7 9. O-O-O Nbd7 10. Bd3 h6
11. Qh3 Nf8 12. Bxf6 Bxf6 13. Ndb5 axb5 14. Nxb5 Qb6 15. Nxd6+ Ke7 16. Bb5 Bd4 17. c3 Be3+ 18. Kb1 Bxf4 19. Rhe1 Bxd6 20. Qh4+ f6
21. Qh5 g6 22. Qe2 Bd7 23. e5 Bxe5
0-1

[Event "Tnemanruot: 1400 - 1800"]
[Site "SchemingMind.com"]
[Date "2007.07.30"]
[Round "-"]
[White "Quaff"]
[Black "fishofchaos"]
[Result "0-1"]
[WhiteCountry "ENG"]
[BlackCountry "ENG"]
[WhiteElo "1652"]
[WhiteRD "73"]
[BlackElo "1780"]
[BlackRD "68"]
[GameID "114363"]

1. e4 c5 2. Nf3 d6 3. h3 Nf6 4. Nc3 Nc6 5. b3 a6 6. Bb2 e6 7. Be2 Be7 8. O-O O-O 9. Nh2 b5 10. d3 Bb7
11. f4 Qc7 12. Nb1 e5 13. f5 Rad8 14. Bc1 h6 15. Nd2 d5 16. exd5 Nxd5 17. Ne4 f6 18. Bh5 Nf4 19. Bxf4 exf4 20. Qd2 Nd4
21. Qf2 c4 22. c3 cxd3 23. cxd4 Bxe4 24. Qxf4 Qxf4 25. Rxf4 Rxd4 26. Bf3 Bc5 27. Kh1 Bxf3 28. Rxf3 Re8 29. Rd1 d2 30. Rff1 Ba3
31. Nf3 Rd3 32. Rxd2 Rxd2 33. Nxd2 Re2 34. Rd1 Rf2 35. g4 Bb4 36. Ne4 Rxa2 37. Ng3 Rb2 38. Rd8+ Bf8 39. Nh5 Rxb3 40. Nf4 Kf7
41. Ng6 Bc5 42. Rd5 Rxh3+ 43. Kg2 Rc3 44. Rd7+ Ke8 45. Rxg7 b4 46. Nf4 b3 47. Rb7 Rc2+ 48. Kf1 b2
0-1